[Event "CZE-chT2C 1819"]
[Site "Czech Republic"]
[Date "2019.02.10"]
[Round "8.7"]
[White "Kourek, Josef"]
[Black "Kohout, Vratislav"]
[Result "1-0"]
[WhiteElo "2095"]
[BlackElo "1982"]
[PlyCount "103"]
[EventDate "2018.10.14"]
[EventType "team-tourn"]
[EventRounds "11"]
[EventCountry "CZE"]
[SourceTitle "EXT 2022"]
[Source "ChessBase"]
[SourceDate "2021.10.06"]
[SourceVersion "1"]
[SourceVersionDate "2021.10.06"]
[SourceQuality "1"]
[WhiteTeam "Lipa"]
[BlackTeam "Praha Vrsovice"]
[WhiteTeamCountry "CZE"]
[BlackTeamCountry "CZE"]

1. d4 d5 2. Nf3 Nf6 3. g3 c6 4. Bg2 Bf5 5. 0-0 h6 6. c4 e6 7. Nc3 Nbd7 8. b3 Be7 9. Bb2 0-0 10. Nd2 Bg4 11. h3 Bh5 12. g4 Bg6 13. e4 dxe4 14. Ndxe4 Nxe4 15. Nxe4 Nf6 16. Ng3 Qc7 17. Qe2 Rad8 18. Rad1 Rfe8 19. Qe3 Bf8 20. Bc3 Bd6 21. Ne4 Nxe4 22. Bxe4 Bf4 23. Qd3 e5 24. Bxg6 exd4 25. Bh7+ Kh8 26. Bd2 Bxd2 27. Rxd2 Qf4 28. Rfd1 g6 29. Bxg6 fxg6 30. Qxg6 Rf8 31. Re2 Rd6 32. Qe4 Qf6 33. Qe5 Kg7 34. Qxf6+ Kxf6 35. Re4 c5 36. Rf4+ Kg7 37. Rxf8 Kxf8 38. f3 Kf7 39. Kf2 Ra6 40. Rd2 Ra3 41. Kg3 a5 42. Kf4 a4 43. Rb2 axb3 44. axb3 Ke6 45. h4 b5 46. cxb5 Kd5 47. g5 hxg5+ 48. hxg5 Ra5 49. g6 Rxb5 50. g7 Rb8 51. Rg2 Rg8 52. Rg6 1-0

[Event "CZE-chT2A 1718"]
[Site "Czech Republic"]
[Date "2017.11.19"]
[Round "3.8"]
[White "Kohout, Vratislav"]
[Black "Jirman, Pavel"]
[Result "1/2-1/2"]
[WhiteElo "2011"]
[BlackElo "2043"]
[PlyCount "96"]
[EventDate "2017.10.15"]
[EventType "team-tourn"]
[EventRounds "11"]
[EventCountry "CZE"]
[SourceTitle "EXT 2022"]
[Source "ChessBase"]
[SourceDate "2021.10.06"]
[SourceVersion "1"]
[SourceVersionDate "2021.10.06"]
[SourceQuality "1"]
[WhiteTeam "Praha Vrsovice"]
[BlackTeam "Vysehrad II"]
[WhiteTeamCountry "CZE"]
[BlackTeamCountry "CZE"]

1. d4 d5 2. Nf3 Nf6 3. Bf4 e6 4. Nbd2 Nh5 5. Bg5 f6 6. Bh4 g5 7. Bg3 Nxg3 8. hxg3 g4 9. Nh4 Nc6 10. e3 Rg8 11. c4 dxc4 12. Bxc4 Bd7 13. a3 Rg7 14. b4 f5 15. Nb3 b6 16. Qc2 a5 17. d5 exd5 18. Bxd5 Nxb4 19. axb4 Bxb4+ 20. Ke2 c6 21. Bc4 Qf6 22. Nd4 0-0-0 23. Nhxf5 Rg5 24. Bd3 c5 25. Rh6 Rg6 26. Rah1 Kb8 27. Rxh7 cxd4 28. Nxd4 Rg7 29. Rxg7 Qxg7 30. Qc4 Qg8 31. Rh7 Qxc4 32. Bxc4 Bc5 33. Be6 Bxd4 34. Rxd7 Rxd7 35. Bxd7 Bc5 36. Bxg4 Kc7 37. Kd3 b5 38. Be6 Kd6 39. Ba2 a4 40. g4 Ke5 41. f4+ Kf6 42. e4 b4 43. e5+ Ke7 44. g5 b3 45. Bxb3 axb3 46. Kc3 Be3 47. f5 Bxg5 48. Kxb3 Bf4 1/2-1/2

[Event "CZE-chT2C 1617"]
[Site "Czech Republic"]
[Date "2017.01.15"]
[Round "6.7"]
[White "Kohout, Vratislav"]
[Black "Hradecky, Ivo"]
[Result "1/2-1/2"]
[WhiteElo "2027"]
[BlackElo "2065"]
[PlyCount "53"]
[EventDate "2016.10.09"]
[EventType "team-tourn"]
[EventRounds "11"]
[EventCountry "CZE"]
[SourceTitle "EXT 2022"]
[Source "ChessBase"]
[SourceDate "2021.10.06"]
[SourceVersion "1"]
[SourceVersionDate "2021.10.06"]
[SourceQuality "1"]
[WhiteTeam "Praha Vrsovice"]
[BlackTeam "Vlasim"]
[WhiteTeamCountry "CZE"]
[BlackTeamCountry "CZE"]

1. d4 d5 2. Nf3 e6 3. g3 Nf6 4. Bg2 Be7 5. 0-0 0-0 6. b3 b6 7. Bb2 Bb7 8. Nbd2 Nbd7 9. c4 c5 10. e3 Rc8 11. Rc1 Re8 12. Re1 Bd6 13. Ne5 Ne4 14. Nxe4 dxe4 15. Nxd7 Qxd7 16. dxc5 bxc5 17. Qg4 f5 18. Qh5 Qc7 19. Rcd1 Rcd8 20. Rd2 Qa5 21. Red1 Be7 22. Rxd8 Rxd8 23. Rxd8+ Qxd8 24. Qe2 Bc6 25. Bf1 Qb6 26. h4 a5 27. g4 1/2-1/2

[Event "CZE-chT2C 1617"]
[Site "Czech Republic"]
[Date "2016.10.09"]
[Round "1.8"]
[White "Kohout, Vratislav"]
[Black "Slapak, Zdenek"]
[Result "1/2-1/2"]
[WhiteElo "2027"]
[BlackElo "2110"]
[PlyCount "67"]
[EventDate "2016.10.09"]
[EventType "team-tourn"]
[EventRounds "11"]
[EventCountry "CZE"]
[SourceTitle "EXT 2022"]
[Source "ChessBase"]
[SourceDate "2021.10.06"]
[SourceVersion "1"]
[SourceVersionDate "2021.10.06"]
[SourceQuality "1"]
[WhiteTeam "Praha Vrsovice"]
[BlackTeam "Pisek"]
[WhiteTeamCountry "CZE"]
[BlackTeamCountry "CZE"]

1. d4 f5 2. Bg5 Nf6 3. Bxf6 exf6 4. c4 Bb4+ 5. Nc3 0-0 6. e3 Re8 7. Bd3 d5 8. Nge2 c6 9. 0-0 Bxc3 10. bxc3 dxc4 11. Bxc4+ Kh8 12. Nf4 g6 13. a4 Re7 14. Qb3 Nd7 15. Ne6 Qa5 16. Qa3 c5 17. dxc5 Ne5 18. c6 Nxc6 19. Nd4 Qe5 20. Rad1 Bd7 21. Nb5 a6 22. Nd6 Be6 23. Bxe6 Qxe6 24. Qc5 Ne5 25. Rd5 Rd7 26. Rfd1 Rad8 27. h3 Kg7 28. Qd4 Kg8 29. c4 Nc6 30. Qd2 Ne7 31. Rd4 Nc6 32. Rd5 Ne7 33. Rd4 Nc6 34. Rd5 1/2-1/2

[Event "CZE-chT2C 1516"]
[Site "Czech Republic"]
[Date "2016.04.03"]
[Round "10.7"]
[White "Kohout, Vratislav"]
[Black "Cermak, Michal1111"]
[Result "1-0"]
[WhiteElo "2065"]
[BlackElo "2120"]
[PlyCount "79"]
[EventDate "2015.10.18"]
[EventType "team-tourn"]
[EventRounds "11"]
[EventCountry "CZE"]
[SourceTitle "EXT 2022"]
[Source "ChessBase"]
[SourceDate "2021.10.06"]
[SourceVersion "1"]
[SourceVersionDate "2021.10.06"]
[SourceQuality "1"]
[WhiteTeam "Praha Vrsovice"]
[BlackTeam "Lysa nad Labem III"]
[WhiteTeamCountry "CZE"]
[BlackTeamCountry "CZE"]

1. d4 Nf6 2. Nf3 e6 3. Bf4 b6 4. e3 Bb7 5. Nbd2 c5 6. c3 Be7 7. Bd3 d5 8. Ne5 a6 9. Qf3 Nc6 10. h4 h5 11. Rh3 Rc8 12. Kf1 Nxe5 13. Bxe5 Ng4 14. Bxg7 Rg8 15. Be5 Nxe5 16. dxe5 d4 17. Qxb7 dxc3 18. Bxa6 Rc7 19. Qxb6 cxd2 20. Rd1 Kf8 21. Rf3 Rg6 22. Ke2 Rd7 23. Qxd8+ Bxd8 24. Rxd2 Rxd2+ 25. Kxd2 Rxg2 26. Ke2 Rh2 27. Rf4 Bxh4 28. Kf1 Bg5 29. Rc4 Rh1+ 30. Kg2 Rb1 31. Rc2 Be7 32. a4 Kg7 33. Bc4 Rd1 34. a5 Ra1 35. a6 f6 36. Rc3 Bd8 37. Rd3 Ba5 38. Rd7+ Kg6 39. Bd3+ f5 40. Re7 1-0

[Event "CZE-chT2A 1415"]
[Site "Czech Republic"]
[Date "2015.02.08"]
[Round "7.6"]
[White "Eret, Jonas"]
[Black "Kohout, Vratislav"]
[Result "0-1"]
[WhiteElo "2054"]
[BlackElo "2099"]
[PlyCount "188"]
[EventDate "2014.11.02"]
[EventType "team-tourn"]
[EventRounds "11"]
[EventCountry "CZE"]
[SourceTitle "EXT 2022"]
[Source "ChessBase"]
[SourceDate "2021.10.06"]
[SourceVersion "1"]
[SourceVersionDate "2021.10.06"]
[SourceQuality "1"]
[WhiteTeam "Klatovy"]
[BlackTeam "Praha Vrsovice"]
[WhiteTeamCountry "CZE"]
[BlackTeamCountry "CZE"]

1. d4 d5 2. Nf3 Nf6 3. Bf4 c5 4. c3 Nc6 5. e3 Bf5 6. Bd3 Bg6 7. Ne5 e6 8. 0-0 Be7 9. h3 0-0 10. Nxg6 hxg6 11. Nd2 Rc8 12. Qe2 Qb6 13. Rab1 a5 14. g4 a4 15. a3 Na5 16. Bg3 Bd6 17. Bxd6 Qxd6 18. f4 Nd7 19. h4 f5 20. Nf3 cxd4 21. cxd4 Nc4 22. Rbe1 Qb6 23. Rf2 Qb3 24. Ng5 Nf6 25. Nxe6 Nxg4 26. Nxf8 Nxf2 27. Qxf2 Kxf8 28. Bxc4 Rxc4 29. Qg2 Rc6 30. Re2 Re6 31. Kf2 Kf7 32. Qg5 Qd3 33. Qd8 Qc4 34. Qg5 Qc6 35. h5 Qc8 36. Kf3 Rf6 37. Rg2 Qe6 38. h6 Qe4+ 39. Kf2 Qc2+ 40. Kg1 Qd1+ 41. Kh2 Kg8 42. Qh4 Kh7 43. Qg5 Qd3 44. hxg7 Kxg7 45. Qg3 Re6 46. Qg5 Qxe3 47. Qxf5 Rf6 48. Qxd5 Qxf4+ 49. Kg1 Qe3+ 50. Kh2 Rf3 51. Qe5+ Qxe5+ 52. dxe5 Re3 53. Rg4 b5 54. Rb4 Rb3 55. Rd4 Rxb2+ 56. Kg3 Rb3+ 57. Kf4 Rxa3 58. Rd7+ Kf8 59. Rb7 Rb3 60. Kg5 a3 61. Kf6 Rf3+ 62. Kxg6 a2 63. Rb8+ Ke7 64. Rb7+ Kd8 65. Rb8+ Kc7 66. Ra8 Rf2 67. Ra7+ Kb6 68. Ra8 b4 69. e6 Kc6 70. e7 Re2 71. Rxa2 Rxe7 72. Kf5 Kb5 73. Ra8 b3 74. Rb8+ Kc4 75. Rc8+ Kd3 76. Rb8 Kc2 77. Rc8+ Kb1 78. Kf4 Re2 79. Kf3 Rc2 80. Rh8 b2 81. Ke3 Rc1 82. Kd2 Rg1 83. Rf8 Rg2+ 84. Kd1 Rg7 85. Rb8 Rg4 86. Kd2 Rg3 87. Ra8 Rg7 88. Kd1 Rg6 89. Ra7 Rd6+ 90. Ke2 Rd4 91. Ke3 Kc2 92. Rc7+ Kd1 93. Rb7 Rd2 94. Rh7 Re2+ 0-1

[Event "CZE-chT2A 1314"]
[Site "Czech Republic"]
[Date "2014.04.06"]
[Round "11.5"]
[White "Husak, Antonin"]
[Black "Kohout, Vratislav"]
[Result "0-1"]
[WhiteElo "1978"]
[BlackElo "2098"]
[PlyCount "46"]
[EventDate "2013.11.03"]
[EventType "team-tourn"]
[EventRounds "11"]
[EventCountry "CZE"]
[SourceTitle "EXT 2015"]
[Source "ChessBase"]
[SourceDate "2014.11.20"]
[SourceVersion "1"]
[SourceVersionDate "2014.11.20"]
[SourceQuality "1"]
[WhiteTeam "Tachov"]
[BlackTeam "Praha Vrsovice"]
[WhiteTeamCountry "CZE"]
[BlackTeamCountry "CZE"]

1. Nf3 d5 2. d4 Nf6 3. b3 c6 4. Bb2 Bf5 5. Nbd2 Nbd7 6. e3 e6 7. h3 Ne4 8. a3 Bd6 9. Bd3 Qf6 10. Bxe4 dxe4 11. Nc4 Bc7 12. Nfe5 Rd8 13. Nxd7 Rxd7 14. Qe2 0-0 15. g4 Bg6 16. 0-0-0 Qh4 17. Bc3 f5 18. Bb4 Re8 19. Bc3 Rf7 20. Rdf1 h5 21. gxf5 Rxf5 22. Rhg1 Kh7 23. f4 exf3 0-1

[Event "CZE-chT2A 1314"]
[Site "Czech Republic"]
[Date "2014.03.23"]
[Round "10.8"]
[White "Bretsnajdr, Vladimir"]
[Black "Kohout, Vratislav"]
[Result "1/2-1/2"]
[WhiteElo "2282"]
[BlackElo "2098"]
[PlyCount "94"]
[EventDate "2013.11.03"]
[EventType "team-tourn"]
[EventRounds "11"]
[EventCountry "CZE"]
[SourceTitle "EXT 2015"]
[Source "ChessBase"]
[SourceDate "2014.11.20"]
[SourceVersion "1"]
[SourceVersionDate "2014.11.20"]
[SourceQuality "1"]
[WhiteTeam "Postovni sporitelna II"]
[BlackTeam "Praha Vrsovice"]
[WhiteTeamCountry "CZE"]
[BlackTeamCountry "CZE"]

1. c4 Nf6 2. Nf3 c6 3. Nc3 d5 4. e3 g6 5. d4 Bg7 6. Bd3 0-0 7. h3 Nbd7 8. 0-0 b6 9. e4 dxe4 10. Nxe4 Bb7 11. Qe2 Qc7 12. Bg5 Rfe8 13. Rad1 h6 14. Be3 Rad8 15. Nxf6+ exf6 16. Qd2 Kh7 17. Bf4 Qc8 18. Rfe1 c5 19. d5 Ne5 20. Be2 Qd7 21. b3 Qd6 22. Qc1 Bc8 23. Nd2 Nd3 24. Bxd6 Nxc1 25. Rxc1 Rxd6 26. Bg4 Rxe1+ 27. Rxe1 f5 28. Bf3 Bc3 29. Re2 Rd8 30. Nb1 Bf6 31. Na3 Bd7 32. Nc2 Kg7 33. g4 Kf8 34. a3 Re8 35. b4 Rxe2 36. Bxe2 Ba4 37. Bd3 fxg4 38. hxg4 Ke7 39. Kg2 a5 40. f4 cxb4 41. axb4 Kd6 42. Kf3 axb4 43. Nxb4 Bd1+ 44. Kg3 Kc5 45. Nc6 Ba4 46. Be2 Kd6 47. Kf2 Bxc6 1/2-1/2

[Event "CZE-chT2A 1314"]
[Site "Czech Republic"]
[Date "2014.01.19"]
[Round "6.8"]
[White "Kuta, Miroslav"]
[Black "Kohout, Vratislav"]
[Result "0-1"]
[WhiteElo "1828"]
[BlackElo "2098"]
[PlyCount "84"]
[EventDate "2013.11.03"]
[EventType "team-tourn"]
[EventRounds "11"]
[EventCountry "CZE"]
[SourceTitle "EXT 2015"]
[Source "ChessBase"]
[SourceDate "2014.11.20"]
[SourceVersion "1"]
[SourceVersionDate "2014.11.20"]
[SourceQuality "1"]
[WhiteTeam "Strakonice"]
[BlackTeam "Praha Vrsovice"]
[WhiteTeamCountry "CZE"]
[BlackTeamCountry "CZE"]

1. d4 Nf6 2. c4 c6 3. Nf3 d6 4. Nc3 Nbd7 5. e4 e5 6. dxe5 dxe5 7. Bg5 Bc5 8. Bxf6 Qxf6 9. Qd2 0-0 10. Qg5 Qxg5 11. Nxg5 Bb4 12. Rc1 Nc5 13. a3 Nb3 14. Rc2 Nd4 15. Rc1 Be7 16. Nf3 Bf6 17. Be2 Be6 18. Nd1 Rad8 19. Ne3 g6 20. Bd1 h6 21. 0-0 Bg7 22. b4 f5 23. exf5 gxf5 24. g3 f4 25. Nxd4 Rxd4 26. Ng2 Bxc4 27. Rxc4 Rxc4 28. Bb3 b5 29. Bxc4+ bxc4 30. Rc1 Rd8 31. gxf4 exf4 32. Nxf4 Rd4 33. Ne2 Rg4+ 34. Kf1 Bb2 35. Rc2 Bxa3 36. Ra2 Bxb4 37. Rxa7 c3 38. Ra8+ Kg7 39. Nc1 Rd4 40. Nb3 Rd1+ 41. Ke2 c2 42. Rb8 c5 0-1

[Event "CZE-chT2A 1314"]
[Site "Czech Republic"]
[Date "2013.11.03"]
[Round "1.7"]
[White "Kohout, Vratislav"]
[Black "Mares, Vaclav"]
[Result "1-0"]
[WhiteElo "2098"]
[BlackElo "2003"]
[PlyCount "81"]
[EventDate "2013.11.03"]
[EventType "team-tourn"]
[EventRounds "11"]
[EventCountry "CZE"]
[SourceTitle "EXT 2015"]
[Source "ChessBase"]
[SourceDate "2014.11.20"]
[SourceVersion "1"]
[SourceVersionDate "2014.11.20"]
[SourceQuality "1"]
[WhiteTeam "Praha Vrsovice"]
[BlackTeam "Klatovy"]
[WhiteTeamCountry "CZE"]
[BlackTeamCountry "CZE"]

1. d4 Nf6 2. Nf3 d5 3. Bf4 c6 4. Nbd2 Bf5 5. e3 e6 6. Ne5 Nbd7 7. g4 Bg6 8. h4 h6 9. Nxg6 fxg6 10. Bd3 Nb6 11. Bxg6+ Kd7 12. a4 Bd6 13. Bxd6 Kxd6 14. a5 Nbd7 15. Qf3 Rf8 16. Qg3+ Ke7 17. g5 hxg5 18. hxg5 Ne8 19. Rh7 Rg8 20. Bd3 Nf8 21. Rh4 Nd6 22. Nf3 Nf7 23. g6 Nh6 24. Qg5+ Ke8 25. Qe5 Qb8 26. 0-0-0 Qxe5 27. Nxe5 Nd7 28. f4 Ke7 29. Rg1 Nxe5 30. dxe5 c5 31. c4 dxc4 32. Bxc4 Nf5 33. Rh3 Rad8 34. Kc2 b6 35. axb6 axb6 36. Bd3 Nh6 37. Be4 b5 38. Ra1 Ng4 39. Bc6 Rb8 40. Ra7+ Kd8 41. Bd7 1-0

[Event "Ricany op"]
[Site "Ricany"]
[Date "2013.08.26"]
[Round "4"]
[White "Kohout, Vratislav"]
[Black "Hrdina, Robin"]
[Result "0-1"]
[WhiteElo "2112"]
[BlackElo "2077"]
[PlyCount "65"]
[EventDate "2013.08.24"]
[EventType "swiss"]
[EventRounds "9"]
[EventCountry "CZE"]
[SourceTitle "EXT 2022"]
[Source "ChessBase"]
[SourceDate "2021.10.06"]
[SourceVersion "1"]
[SourceVersionDate "2021.10.06"]
[SourceQuality "1"]

1. d4 Nf6 2. Nf3 e6 3. g3 b6 4. Bg2 Bb7 5. 0-0 c5 6. c4 Be7 7. d5 exd5 8. Nh4 0-0 9. cxd5 d6 10. Nf5 Re8 11. Nc3 Bf8 12. e4 a6 13. a4 g6 14. Nh6+ Kg7 15. Bg5 Bc8 16. f4 Nbd7 17. e5 dxe5 18. Ne4 exf4 19. Rxf4 Re5 20. h4 Rxe4 21. Bxe4 Bd6 22. Rf1 Qe8 23. Bg2 Bxg3 24. Qf3 Qe5 25. Ng4 Qd4+ 26. Kh1 Qxg4 27. Bxf6+ Nxf6 28. Qxf6+ Kh6 29. Qg5+ Qxg5 30. hxg5+ Kg7 31. Rf3 Bh4 32. Raf1 Bf5 33. Bh3 0-1

[Event "CZE-chT1W 1213"]
[Site "Czech Republic"]
[Date "2013.02.10"]
[Round "7.8"]
[White "Chalupa, Ivan"]
[Black "Kohout, Vratislav"]
[Result "0-1"]
[WhiteElo "2167"]
[BlackElo "2144"]
[PlyCount "67"]
[EventDate "2012.10.28"]
[EventType "team-tourn"]
[EventRounds "11"]
[EventCountry "CZE"]
[SourceTitle "EXT 2014"]
[Source "ChessBase"]
[SourceDate "2013.11.20"]
[SourceVersion "1"]
[SourceVersionDate "2013.11.20"]
[SourceQuality "1"]
[WhiteTeam "Vysehrad"]
[BlackTeam "Praha Sokol"]
[WhiteTeamCountry "CZE"]
[BlackTeamCountry "CZE"]

1. e4 e6 2. d4 d5 3. Nd2 f5 4. e5 c5 5. c3 Ne7 6. f4 Nec6 7. Ngf3 Be7 8. Nb3 c4 9. Nbd2 b5 10. b3 0-0 11. Kf2 a5 12. a4 b4 13. bxc4 bxc3 14. Nb1 dxc4 15. Nxc3 Bb4 16. Nb5 c3 17. Bc4 Ne7 18. Qb3 Nd5 19. Nd6 Ra7 20. Bxd5 exd5 21. Qxd5+ Kh8 22. Ba3 h6 23. e6 Qe7 24. Ne5 Qh4+ 25. g3 Qh5 26. Qf3 Qxf3+ 27. Kxf3 Bxe6 28. Ng6+ Kg8 29. Nxf8 Bd5+ 30. Ke3 Bxh1 31. Ne6 Bd5 32. Kd3 Nc6 33. Nc5 Rc7 34. Nb5 0-1

[Event "CZE-chT2B 1112"]
[Site "Czech Republic"]
[Date "2012.03.25"]
[Round "10.7"]
[White "Kohout, Vratislav"]
[Black "Reitingerova, Iveta"]
[Result "1-0"]
[WhiteElo "2153"]
[BlackElo "2002"]
[PlyCount "51"]
[EventDate "2011.10.09"]
[EventType "team-tourn"]
[EventRounds "11"]
[EventCountry "CZE"]
[SourceTitle "EXT 2013"]
[Source "ChessBase"]
[SourceDate "2012.11.22"]
[SourceVersion "1"]
[SourceVersionDate "2012.11.22"]
[SourceQuality "1"]
[WhiteTeam "Vrsovice"]
[BlackTeam "Decin"]
[WhiteTeamCountry "CZE"]
[BlackTeamCountry "CZE"]

1. d4 Nf6 2. Nf3 g6 3. Nc3 Bg7 4. e4 d6 5. Bc4 0-0 6. Qe2 Nbd7 7. e5 dxe5 8. dxe5 Ng4 9. e6 Nde5 10. exf7+ Nxf7 11. h3 Ngh6 12. 0-0 e6 13. Re1 Re8 14. Ne4 Nf5 15. c3 N5d6 16. Bb3 Nxe4 17. Qxe4 Qf6 18. Bf4 c6 19. Rad1 Re7 20. Be5 Qf5 21. Qb4 Re8 22. Bxg7 Kxg7 23. Re2 Ng5 24. Qd4+ Kf7 25. Ne5+ Kg8 26. Ng4 1-0

[Event "CZE-chT2B 1112"]
[Site "Czech Republic"]
[Date "2012.01.22"]
[Round "6.6"]
[White "Ruzicka, Vaclav"]
[Black "Kohout, Vratislav"]
[Result "1-0"]
[WhiteElo "2065"]
[BlackElo "2153"]
[PlyCount "95"]
[EventDate "2011.10.09"]
[EventType "team-tourn"]
[EventRounds "11"]
[EventCountry "CZE"]
[SourceTitle "EXT 2013"]
[Source "ChessBase"]
[SourceDate "2012.11.22"]
[SourceVersion "1"]
[SourceVersionDate "2012.11.22"]
[SourceQuality "1"]
[WhiteTeam "Kladno"]
[BlackTeam "Vrsovice"]
[WhiteTeamCountry "CZE"]
[BlackTeamCountry "CZE"]

1. c4 Nf6 2. Nc3 c6 3. g3 d5 4. cxd5 cxd5 5. d4 Nc6 6. Bg2 e6 7. Nf3 Be7 8. 0-0 0-0 9. a3 a5 10. h3 Qb6 11. Rb1 Qa6 12. a4 Rd8 13. g4 Bd7 14. Bf4 Rac8 15. Bg3 Be8 16. Ne5 Qb6 17. e3 Nb4 18. f4 Nd7 19. Qe2 f6 20. Nxd7 Rxd7 21. f5 Rdd8 22. Kh1 Bd6 23. Qf2 Qc7 24. Bxd6 Qxd6 25. Rbd1 e5 26. dxe5 Qxe5 27. Rd4 Bf7 28. Rfd1 h5 29. Qf3 hxg4 30. hxg4 Nc2 31. R4d3 Nb4 32. R3d2 Rc5 33. Qf2 Re8 34. e4 dxe4 35. Nxe4 Rc7 36. Nd6 Rd8 37. Nxf7 Rxd2 38. Nh6+ gxh6 39. Qxd2 Re7 40. Qxh6 Nc6 41. Bxc6 bxc6 42. Rd8+ Re8 43. Qg6+ Kf8 44. Rxe8+ Qxe8 45. Qxf6+ Kg8 46. Qe6+ Qxe6 47. fxe6 Kf8 48. Kg2 1-0

[Event "CZE-chT2B 1112"]
[Site "Czech Republic"]
[Date "2012.01.08"]
[Round "5.7"]
[White "Jenicek, Emil"]
[Black "Kohout, Vratislav"]
[Result "1-0"]
[WhiteElo "2101"]
[BlackElo "2153"]
[PlyCount "89"]
[EventDate "2011.10.09"]
[EventType "team-tourn"]
[EventRounds "11"]
[EventCountry "CZE"]
[SourceTitle "EXT 2013"]
[Source "ChessBase"]
[SourceDate "2012.11.22"]
[SourceVersion "1"]
[SourceVersionDate "2012.11.22"]
[SourceQuality "1"]
[WhiteTeam "Most Chess"]
[BlackTeam "Vrsovice"]
[WhiteTeamCountry "CZE"]
[BlackTeamCountry "CZE"]

1. Nf3 d5 2. d4 Nf6 3. c4 c6 4. Nc3 dxc4 5. a4 Bg4 6. e3 e5 7. dxe5 Qxd1+ 8. Nxd1 Ne4 9. Bxc4 Bb4+ 10. Bd2 Nxd2 11. Nxd2 Nd7 12. f4 Rd8 13. Nc3 Nc5 14. h3 Be6 15. Bxe6 fxe6 16. Ke2 Nd3 17. Nce4 Ke7 18. Nc4 Rd7 19. b3 Rhd8 20. Rhd1 h6 21. Ncd6 Nc5 22. Rac1 Nxe4 23. Nxe4 Rd5 24. Rxd5 Rxd5 25. Rd1 b6 26. g4 a6 27. Rxd5 exd5 28. Nd2 b5 29. Kd3 c5 30. axb5 axb5 31. Nf3 Ba5 32. f5 Bb6 33. Kc2 Ba5 34. h4 Bc7 35. g5 hxg5 36. hxg5 Bb6 37. Kc3 Ba5+ 38. Kd3 Bb6 39. Kc2 Ba5 40. Nh4 Ke8 41. Ng6 Bc7 42. e6 Bd8 43. Nf4 Ke7 44. Nxd5+ Kd6 45. e7 1-0

[Event "CZE-chT2B 1112"]
[Site "Czech Republic"]
[Date "2011.11.20"]
[Round "3.5"]
[White "Boleslav, Petr"]
[Black "Kohout, Vratislav"]
[Result "0-1"]
[WhiteElo "2119"]
[BlackElo "2153"]
[PlyCount "68"]
[EventDate "2011.10.09"]
[EventType "team-tourn"]
[EventRounds "11"]
[EventCountry "CZE"]
[SourceTitle "EXT 2013"]
[Source "ChessBase"]
[SourceDate "2012.11.22"]
[SourceVersion "1"]
[SourceVersionDate "2012.11.22"]
[SourceQuality "1"]
[WhiteTeam "Novoborsky"]
[BlackTeam "Vrsovice"]
[WhiteTeamCountry "CZE"]
[BlackTeamCountry "CZE"]

1. e4 e6 2. d4 d5 3. e5 c5 4. Nc3 Nc6 5. Nf3 Nge7 6. Bd3 cxd4 7. Nb5 Ng6 8. Qe2 Bb4+ 9. c3 dxc3 10. bxc3 Be7 11. 0-0 0-0 12. Nbd4 a6 13. Bd2 Bd7 14. g3 Qc7 15. Rfe1 Na5 16. h4 Rfc8 17. h5 Nf8 18. g4 Nc4 19. Bf4 b5 20. g5 b4 21. Bg3 bxc3 22. Kg2 Rab8 23. Nf5 exf5 24. e6 Bd6 25. exd7 Qxd7 26. Nd4 g6 27. Qf3 Bxg3 28. Qxg3 Qd6 29. Qh3 Qf4 30. Bxf5 gxf5 31. Nxf5 Re8 32. Nh6+ Kg7 33. Qxc3+ Re5 34. Rxe5 Nxe5 0-1

[Event "Ricany op-A"]
[Site "Ricany"]
[Date "2011.08.25"]
[Round "7"]
[White "Kohout, Vratislav"]
[Black "Vevera, Radek"]
[Result "1/2-1/2"]
[WhiteElo "2153"]
[BlackElo "2043"]
[PlyCount "54"]
[EventDate "2011.08.20"]
[EventType "swiss"]
[EventRounds "9"]
[EventCountry "CZE"]
[SourceTitle "CBM 144 Extra"]
[Source "ChessBase"]
[SourceDate "2011.10.28"]
[SourceVersion "1"]
[SourceVersionDate "2011.10.28"]
[SourceQuality "1"]

1. d4 Nf6 2. Nf3 d5 3. Bf4 c5 4. c3 Qb6 5. b3 Nc6 6. e3 Bg4 7. Bd3 e6 8. 0-0 Be7 9. h3 Bh5 10. Nbd2 0-0 11. Qb1 cxd4 12. exd4 Bg6 13. b4 Qd8 14. Re1 Rc8 15. Bxg6 hxg6 16. Qd3 Bd6 17. Ne5 Ne7 18. a4 Qc7 19. Rac1 Nd7 20. Ndf3 Bxe5 21. dxe5 Qc4 22. Qd2 Nb6 23. Bg5 Qc7 24. Nd4 Nc4 25. Qe2 Nc6 26. Nf3 a6 27. h4 Ne7 1/2-1/2

[Event "Ricany op-A"]
[Site "Ricany"]
[Date "2011.08.21"]
[Round "2"]
[White "Kohout, Vratislav"]
[Black "Maly, Filip"]
[Result "1-0"]
[WhiteElo "2153"]
[BlackElo "2007"]
[PlyCount "37"]
[EventDate "2011.08.20"]
[EventType "swiss"]
[EventRounds "9"]
[EventCountry "CZE"]
[SourceTitle "CBM 144 Extra"]
[Source "ChessBase"]
[SourceDate "2011.10.28"]
[SourceVersion "1"]
[SourceVersionDate "2011.10.28"]
[SourceQuality "1"]

1. d4 Nf6 2. Nf3 c5 3. d5 e6 4. c4 exd5 5. cxd5 d6 6. Nc3 Be7 7. h3 0-0 8. e4 Re8 9. Bd3 Nbd7 10. 0-0 a6 11. a4 Qc7 12. Bf4 Rb8 13. Re1 c4 14. Bf1 b5 15. axb5 axb5 16. Nd4 b4 17. Ncb5 Qc5 18. Na7 Bf8 19. Ndc6 1-0

[Event "CZE-chT1W 1011"]
[Site "Czech Republic"]
[Date "2011.03.20"]
[Round "10.6"]
[White "Kohout, Vratislav"]
[Black "Dvorak, Jan"]
[Result "1-0"]
[WhiteElo "2209"]
[BlackElo "2175"]
[PlyCount "89"]
[EventDate "2010.10.10"]
[EventType "team-tourn"]
[EventRounds "11"]
[EventCountry "CZE"]
[SourceTitle "EXT 2012"]
[Source "ChessBase"]
[SourceDate "2011.11.24"]
[SourceVersion "1"]
[SourceVersionDate "2011.11.24"]
[SourceQuality "1"]
[WhiteTeam "Praha Vrsovice"]
[BlackTeam "Praha Kobylisy"]
[WhiteTeamCountry "CZE"]
[BlackTeamCountry "CZE"]

1. d4 e6 2. Nf3 Nf6 3. Bf4 c5 4. c3 Nc6 5. e3 b6 6. Nbd2 Bb7 7. Bd3 Be7 8. h4 Rc8 9. Qe2 cxd4 10. exd4 d6 11. Kf1 Qd7 12. Re1 Rd8 13. Nc4 Nd5 14. Bc1 b5 15. Ne3 Nf4 16. Qc2 Nxd3 17. Qxd3 a6 18. h5 h6 19. Rh3 Rc8 20. a3 Na5 21. Rg3 Kf8 22. d5 e5 23. Nd2 Nc4 24. Ndxc4 bxc4 25. Qe4 Rc5 26. Rd1 Bg5 27. Kg1 Qa4 28. Qg4 Bc8 29. Qe2 Ke7 30. Ng4 Bxc1 31. Nxe5 Kf8 32. Nc6 Bg5 33. Re1 Kg8 34. Qe8+ Kh7 35. Qxf7 Rg8 36. Re8 Rxe8 37. Qg6+ Kh8 38. Qxe8+ Kh7 39. Qg6+ Kh8 40. Rf3 Bf6 41. Rxf6 gxf6 42. Qxf6+ Kh7 43. Qf7+ Kh8 44. Ne7 Qd1+ 45. Kh2 1-0